000 00281nam a2200109 4500
008 160702b xxu||||| |||| 00| 0 eng d
100 _91813
_a Charles, et al
245 _aTales from Shakepeare
260 _aNew Delhi
_bS.Chand
300 _aTales from Shakepeare
942 _2ddc
_cBK
999 _c1517
_d1517